| 000 | 00391cam a2200169ua 4500 | ||
|---|---|---|---|
| 020 | _cRs. 4.00 | ||
| 041 |
_amal _h |
||
| 082 |
_a791.437 _bSIN/FI |
||
| 100 | _aSinik, . | ||
| 245 | _aFilm Gallery | ||
| 260 |
_aKottayam : _bSahitya Pravarthaka Co-operative Society , _c1969. |
||
| 300 | _a238 ; . | ||
| 365 | _aRs. 4.00 | ||
| 504 | _a | ||
| 942 | _cBK | ||
| 999 |
_c4501 _d4501 |
||